Państwa z najlepszymi szachistami - Statystyki

Ogólne statystyki
  • Ten quiz został rozwiązany 6 057 razy
    5 725 od ostatniego zresetowania
  • Średni wynik to 8 z 13
Statystyki odpowiedzi
# Państwa % Poprawnych
12 Stany Zjednoczone
98%
12 Rosja
95%
4 Polska
94%
9 Chiny
93%
10 Indie
87%
4 Francja
85%
3 Wielka Brytania
75%
4 Hiszpania
73%
5 Ukraina
61%
3 Rumunia
29%
4 Armenia
18%
4 Azerbejdżan
17%
4 Uzbekistan
15%
Nie znaleziono quizów pasujących do podanych kryteriów
Rozkład punktacji
Procent ludzi z każdym wynikiem
Percentyl według liczby udzielonych odpowiedzi
Twoja historia wyników
Nie rozwiązałeś tego quizu od ostatniego zresetowania